Mortgage valuation report forms and the identification of subsidence (Record no. 66854)
[ view plain ]
| 000 -LEADER | |
|---|---|
| fixed length control field | 01436cab a22002655a 4500 |
| 001 - CONTROL NUMBER | |
| control field | ABS63923 |
| 008 - FIXED-LENGTH DATA ELEMENTS--GENERAL INFORMATION | |
| fixed length control field | 010501s2001 xxk f 000 0 eng d |
| 035 ## - SYSTEM CONTROL NUMBER | |
| System control number | (Sirsi) u112306 |
| 041 0# - LANGUAGE CODE | |
| Language code of text/sound track or separate title | eng |
| 100 1# - MAIN ENTRY--PERSONAL NAME | |
| Personal name | Wynn, P. |
| 245 00 - TITLE STATEMENT | |
| Title | Mortgage valuation report forms and the identification of subsidence |
| 260 ## - PUBLICATION, DISTRIBUTION, ETC. | |
| Date of publication, distribution, etc. | 2001 |
| 490 #4 - SERIES STATEMENT | |
| Series statement | Structural Survey |
| Volume/sequential designation | 19(1) 2001, 15-20(6) |
| 520 ## - SUMMARY, ETC. | |
| Summary, etc. | Discusses whether surveyors engaged in mortgage valuation inspections are subject to an increased risk of liability in identifying the risk of subsidence to properties. Researchers examined a range of mortgage evaluation report forms and found that 24 out of the sample 34 report forms are inadequate and unreliable with considerable variation between procedures for data collection in each lending institution. Makes recommendations on the future of key questions on subsidence in mortgage valuation report forms. Table lists ocurrence of key subsidence-related questions. References. |
| 590 ## - LOCAL NOTE (RLIN) | |
| Local note | ABS |
| 650 ## - SUBJECT ADDED ENTRY--TOPICAL TERM | |
| Topical term or geographic name entry element | RICS APPRAISAL AND VALUATION MANUAL |
| 650 ## - SUBJECT ADDED ENTRY--TOPICAL TERM | |
| Topical term or geographic name entry element | BEATON V NATIONWIDE BUILDING SOCIETY |
| 650 ## - SUBJECT ADDED ENTRY--TOPICAL TERM | |
| Topical term or geographic name entry element | CROSS V MARTIN AND MORTIMER |
| 650 ## - SUBJECT ADDED ENTRY--TOPICAL TERM | |
| Topical term or geographic name entry element | Daisley v B S Hall and Co |
| 650 ## - SUBJECT ADDED ENTRY--TOPICAL TERM | |
| Topical term or geographic name entry element | HINGORANI V BLOWER |
| 650 ## - SUBJECT ADDED ENTRY--TOPICAL TERM | |
| Topical term or geographic name entry element | MORGAN V PERRY |
| 690 ## - LOCAL SUBJECT ADDED ENTRY--TOPICAL TERM (OCLC, RLIN) | |
| Topical term or geographic name as entry element | PROPERTY-RESIDENTIAL PROPERTY-RESIDENTIAL PROPERTY FINANCE AND INVESTMENT-MORTGAGING RESIDENTIAL PROPERTY-MORTGAGE VALUATION |
| 700 1# - ADDED ENTRY--PERSONAL NAME | |
| Personal name | Hardiment, G. |
| 942 ## - ADDED ENTRY ELEMENTS (KOHA) | |
| Suppress in OPAC | 0 |
| Withdrawn status | Lost status | Source of classification or shelving scheme | Damaged status | Not for loan | Home library | Current library | Shelving location | Date acquired | Total Checkouts | Full call number | Barcode | Date last seen | Copy number | Price effective from | Koha item type |
|---|---|---|---|---|---|---|---|---|---|---|---|---|---|---|---|
| Dewey Decimal Classification | London | London | Journal article | 01/05/2001 | ABS63923 | 112306-1001 | 06/08/2019 | 1 | 06/08/2019 | Journal article |